|
|
|
|
| LEADER |
01000cam a2200217 7i4500 |
| 001 |
0000052565 |
| 005 |
20190514090000.0 |
| 008 |
190507 eng |
| 090 |
0 |
0 |
|a HJ3801
|b .H33 2014
|
| 100 |
1 |
|
|a Habib, Farrukh
|
| 245 |
1 |
0 |
|a Sovereign wealth funds in Muslim countries :
|b current developments, issues and challenges
|c researchers Farrukh Habib, Dr. Beebee Salma Sairally, Prof. Dr. Abbas Mirakhor.
|
| 260 |
|
|
|a Kuala Lumpur:
|b International Shari'ah Research Academy for Islamic Finance (ISRA),
|c 2014.
|
| 300 |
|
|
|a 28 p.:
|b ill.;
|c 30 cm.
|
| 490 |
1 |
|
|a Research paper;
|v No. 72/2014
|
| 500 |
|
|
|a Gift: International Shari'ah Research Academy for Islamic Finance (ISRA)
|
| 504 |
|
|
|a Includes bibliographical references and index
|
| 650 |
0 |
0 |
|a Investments, Foreign
|
| 650 |
0 |
0 |
|a Sovereign wealth funds --
|x Islamic countries
|
| 700 |
1 |
|
|a Mirakhor, Abbas
|
| 700 |
1 |
|
|a Sairally, Beebee Salma
|
| 999 |
|
|
|a 0000063984
|b BOK
|c CLOSED ACCESS COLLECTION
|e ISRA Corner, 2nd Floor, Shah Alam
|